[Event "5th American Continental (w)"]
[Site "Cali COL"]
[Date "2009.09.07"]
[Round "9.13"]
[White "Felix Vega, Aurora Edith"]
[Black "Chirivi Castiblanco, Jenny Astrid"]
[Result "1-0"]
[WhiteElo "1833"]
[BlackElo "2195"]
[EventDate "2009.09.01"]
[PlyCount "65"]

1.e4 c5 2.Nf3 e6 3.d4 cxd4 4.Nxd4 a6 5.Nc3 Qc7 6.Bd3 Nf6 7.O-O Be7 8.Be3 
d6 9.f4 Nbd7 10.Qf3 O-O 11.Rae1 b5 12.g4 b4 13.Nd1 Nc5 14.Nf2 Re8 15.g5 
Nfd7 16.h4 Bf8 17.Ng4 Nxd3 18.cxd3 Nc5 19.Rc1 Qb7 20.Rcd1 e5 21.fxe5 Bxg4 
22.Qxg4 dxe5 23.Nf5 Re6 24.Rf3 Rd8 25.Bxc5 Bxc5+ 26.Kh1 Bf8 27.Ne3 b3 28.
axb3 Qxb3 29.Rdf1 Rxd3 30.Rxf7 Re8 31.Nd5 Rxd5 32.Rxf8+ Rxf8 33.Qe6+ 1-0

[Event "5th American Continental (w)"]
[Site "Cali COL"]
[Date "2009.09.07"]
[Round "9.14"]
[White "Romero Echeverria, Abigail"]
[Black "Orozco Lopez, Luz Elena"]
[Result "1/2-1/2"]
[WhiteElo "2064"]
[BlackElo "2118"]
[EventDate "2009.09.01"]
[PlyCount "116"]

1.e4 c5 2.c3 d5 3.exd5 Qxd5 4.d4 Nf6 5.Nf3 Bg4 6.Be2 e6 7.h3 Bh5 8.O-O Be7
9.Be3 cxd4 10.cxd4 Nc6 11.Nc3 Qd6 12.a3 O-O 13.Qb3 Rfd8 14.Rfd1 Rac8 15.
Rac1 h6 16.Rd2 Na5 17.Qd1 Nd5 18.Nxd5 exd5 19.Rdc2 Qe6 20.Ne5 Bxe2 21.Qxe2
f6 22.Ng6 Rxc2 23.Rxc2 Bd6 24.Nf4 Bxf4 25.Bxf4 Qxe2 26.Rxe2 Rd7 27.Rc2 Kf7
28.Kf1 g5 29.Bd2 Nb3 30.Be3 Na5 31.Ke2 Nc4 32.Bc1 Re7+ 33.Kd3 Re1 34.Bd2 
Rd1 35.Ke2 Rxd2+ 36.Rxd2 Nxd2 37.Kxd2 f5 38.Ke3 Kf6 39.g4 f4+ 40.Kd3 Ke6 
41.Kc3 Kd6 42.Kb4 Kc6 43.Ka5 Kc7 44.Kb5 Kd6 45.b3 f3 46.Kb4 Kc6 47.Kc3 Kb5
48.Kd3 a6 49.Ke3 a5 50.Kd3 a4 51.b4 b6 52.Kc3 Kc6 53.Kd2 Kb5 54.Kd3 Kc6 
55.Ke3 Kb5 56.Kd3 Kc6 57.Kc3 Kb5 58.Kd3 Kc6 1/2-1/2

[Event "5th American Continental (w)"]
[Site "Cali COL"]
[Date "2009.09.07"]
[Round "9.16"]
[White "Tobar, Estefania"]
[Black "Orozco Lopez, Lina Yomayra"]
[Result "0-1"]
[WhiteElo "1840"]
[BlackElo "2117"]
[EventDate "2009.09.01"]
[PlyCount "32"]

1.e4 c5 2.Nf3 e6 3.d4 cxd4 4.Nxd4 a6 5.Nc3 Nc6 6.f3 Qc7 7.Be3 Nf6 8.Qd2 
Bb4 9.Bc4 b5 10.Bb3 Bb7 11.O-O Rc8 12.Rad1 Nxd4 13.Bxd4 e5 14.Bf2 Bxc3 15.
Qxc3 Qxc3 16.bxc3 Rxc3 0-1

[Event "5th American Continental (w)"]
[Site "Cali COL"]
[Date "2009.09.07"]
[Round "9.17"]
[White "Mendoza Velazquez, Lorena Aleja"]
[Black "Chavez Restrepo, Diana Maria"]
[Result "1-0"]
[WhiteElo "1973"]
[BlackElo "1884"]
[EventDate "2009.09.01"]
[PlyCount "31"]

1.c4 Nf6 2.g3 c6 3.Bg2 d5 4.Nf3 Bf5 5.O-O Nbd7 6.d3 e5 7.Nc3 Bb4 8.cxd5 
cxd5 9.Nxd5 Nxd5 10.Qb3 e4 11.Nd4 exd3 12.Qxb4 dxe2 13.Re1 Bd3 14.Nxe2 a5 
15.Nf4+ Be4 16.Qa3 1-0

[Event "5th American Continental (w)"]
[Site "Cali COL"]
[Date "2009.09.07"]
[Round "9.18"]
[White "Naipal, Victoria"]
[Black "Perez, Laura"]
[Result "0-1"]
[WhiteElo "1795"]
[BlackElo "1884"]
[EventDate "2009.09.01"]
[PlyCount "73"]

1.d4 d5 2.c4 e6 3.Nc3 Nf6 4.Bg5 c6 5.Nf3 Nbd7 6.e3 Bd6 7.Bd3 a6 8.a3 Qc7 
9.c5 Be7 10.Bf4 Qd8 11.O-O O-O 12.Qc2 Re8 13.Ng5 Nf8 14.h3 Ng6 15.Na4 Nd7 
16.Bxg6 hxg6 17.Nf3 Bf6 18.Rab1 e5 19.dxe5 Nxe5 20.Nxe5 Bxe5 21.Bxe5 Rxe5 
22.Nb6 Rb8 23.Nxc8 Rxc8 24.Rfd1 Qh4 25.Rd4 Qe7 26.Rbd1 Re8 27.Rb4 f5 28.
Rdd4 Rd8 29.Rb6 Qf7 30.Rdb4 Rd7 31.Qb3 Ree7 32.Qc3 g5 33.g3 Re4 34.Kg2 g6 
35.f3 Rxb4 36.Rxb4 Re7 37.h4 0-1

[Event "5th American Continental (w)"]
[Site "Cali COL"]
[Date "2009.09.07"]
[Round "9.19"]
[White "Herrera Rincon, Wilene"]
[Black "Talavera Paredes, Ana"]
[Result "0-1"]
[WhiteElo "1737"]
[BlackElo "1607"]
[EventDate "2009.09.01"]
[PlyCount "80"]

1.e4 c5 2.Nf3 d6 3.d4 cxd4 4.Nxd4 Nf6 5.f3 a6 6.Be3 e6 7.Be2 Be7 8.c4 Nbd7
9.Nc3 O-O 10.Rc1 b6 11.Qd2 Bb7 12.O-O Rc8 13.Rfd1 Ne5 14.Na4 Re8 15.b4 d5 
16.exd5 exd5 17.c5 bxc5 18.bxc5 Bf8 19.Nb3 Qe7 20.Bd4 Nc6 21.Re1 Nxd4 22.
Nxd4 Qe3+ 23.Qxe3 Rxe3 24.Kf2 Ra3 25.c6 Rxa4 26.cxb7 Rb8 27.Rc8 Rxb7 28.
Nc6 g6 29.Ra8 Rc7 30.Ne5 Rc2 31.Nd3 Rcxa2 32.Nc5 Ra5 33.Nd3 Kg7 34.Kf1 
R5a4 35.Ne5 Bd6 36.Nc6 Bxh2 37.Ra7 Bg3 38.Rb1 Ne8 39.Ra8 Nc7 40.Rab8 Rh4 
0-1

[Event "5th American Continental (w)"]
[Site "Cali COL"]
[Date "2009.09.07"]
[Round "9.21"]
[White "Mesa Brenda, Sofia"]
[Black "Gutierrez Salazar, Leonela Karina"]
[Result "0-1"]
[WhiteElo "1894"]
[BlackElo "1920"]
[EventDate "2009.09.01"]
[PlyCount "100"]

1.e4 c5 2.Nf3 d6 3.d4 cxd4 4.Nxd4 Nf6 5.Nc3 a6 6.Be3 e6 7.f3 b5 8.Qd2 Bb7 
9.O-O-O Nbd7 10.g4 Nb6 11.h4 Rc8 12.Bd3 Nfd7 13.f4 Nc5 14.g5 b4 15.Nce2 
Nxe4 16.Bxe4 Bxe4 17.Rhf1 Nc4 18.Qxb4 Nxe3 19.Qa4+ Qd7 20.Qxa6 Nxf1 21.
Rxf1 Qc7 22.Nc3 Qc4 23.Qxc4 Rxc4 24.Nxe4 Rxd4 25.Nc3 d5 26.h5 Kd7 27.f5 e5
28.Ne2 Rh4 29.f6 gxf6 30.gxf6 Rxh5 31.Nc3 d4 32.Ne4 Rg8 33.Kd2 Rg2+ 34.Kc1
Rh4 35.Rf2 Rg1+ 36.Kd2 Rxe4 37.a4 Rf4 38.Re2 Ke6 39.Kd3 Kd5 40.b3 Rd1+ 41.
Rd2 Rxd2+ 42.Kxd2 h5 43.c4+ dxc3+ 44.Kxc3 h4 45.a5 Bb4+ 46.Kc2 Bxa5 47.b4 
Bxb4 48.Kd3 h3 49.Ke2 h2 50.Kd3 h1=Q 0-1